|
|
|
|
| LEADER |
02494nam a2200505 i 4500 |
| 001 |
nkc20223465966 |
| 003 |
CZ PrNK |
| 005 |
20230214095736.0 |
| 007 |
ta |
| 008 |
221201s2022 xr af g 6 000 1 cze |
| 015 |
|
|
|a cnb003465966
|
| 020 |
|
|
|a 978-80-7595-615-6
|q (brožováno) :
|c Kč 499,00
|
| 035 |
|
|
|a (OCoLC)1357139783
|
| 040 |
|
|
|a ABG001
|b cze
|e rda
|
| 041 |
1 |
|
|a cze
|h eng
|
| 072 |
|
7 |
|a 741.52
|x Komiksy. Komiksové adaptace
|2 Konspekt
|9 21
|
| 080 |
|
|
|a 741.52(0:82-322.9)
|2 MRF
|
| 100 |
1 |
|
|a Finch, Meredith
|7 xx0279316
|4 aut
|
| 240 |
1 |
0 |
|a War-torn.
|l Česky
|
| 245 |
1 |
0 |
|a Wonder Woman.
|n Kniha sedmá,
|p Válkou rozervaná /
|c Meredith Finch - scénář ; David Finch, Goran Sudžuka - kresba ; z anglického originálu Wonder Woman, volume 7: War-torn přeložil: Pavel Švanda
|
| 246 |
3 |
0 |
|a Válkou rozervaná
|
| 250 |
|
|
|a První brožované vydání v českém jazyce
|
| 264 |
|
1 |
|a Praha :
|b BB/art,
|c 2022
|
| 300 |
|
|
|a 158 stran, 16 nečíslovaných stran obrazových příloh :
|b barevné ilustrace ;
|c 26 cm
|
| 336 |
|
|
|a text
|b txt
|2 rdacontent
|
| 336 |
|
|
|a statický obraz
|b sti
|2 rdacontent
|
| 337 |
|
|
|a bez média
|b n
|2 rdamedia
|
| 338 |
|
|
|a svazek
|b nc
|2 rdacarrier
|
| 490 |
1 |
|
|a BB art komiks
|
| 520 |
2 |
|
|a Komiksová série se superhrdinkou Wonder Woman v hlavní roli.
|b Arés byl poražen a na jeho místě stanula Amazonka Diana, aby se stala novým bohem války. A být bohem války není nic snadného. Wonder Woman je nyní učiněným magnetem na konflikty. Na Themysciře roste napětí, neboť se poprvé v historii na jejich ostrov vrací muži, a k tomu se Amazonkám nelíbí, že Wonder Woman nevěnuje veškerý svůj čas královské práci. Superman a Liga spravedlnosti totiž potřebují její pomoc při vyřešení záhady, která má na svědomí mnoho nevinných životů. Nakladatelská anotace. Kráceno.
|
| 546 |
|
|
|a Český text
|
| 655 |
|
7 |
|a superhrdinské komiksy
|7 fd1057488
|2 czenas
|
| 655 |
|
9 |
|a superhero comics
|2 eczenas
|
| 700 |
1 |
|
|a Finch, David,
|d 1972-
|7 xx0166027
|4 ill
|
| 700 |
1 |
|
|a Sudžuka, Goran,
|d 1969-
|7 xx0148681
|4 ill
|
| 700 |
1 |
|
|a Švanda, Pavel,
|d 1989-
|7 xx0097364
|4 trl
|
| 765 |
1 |
|
|t Wonder Woman
|9 Česky
|
| 787 |
0 |
8 |
|i Z cyklu:
|t Wonder Woman
|g 7
|
| 830 |
|
0 |
|a BB art komiks
|0 s
|
| 910 |
2 |
|
|a BOA001
|b 3-1360.418,7
|
| 920 |
|
|
|a 4680761
|z ABG001
|
| 990 |
|
|
|a BK
|
| 995 |
|
|
|a 01
|
| 991 |
|
|
|b 202212
|c NOV
|
| 996 |
6 |
|
|b 2610923964
|c 3-1360.418,7
|l MZK
|r Sklad / do 1 hodiny
|n 0
|p p.v.
|w 001907819
|u 000010
|a 1
|e BOA001
|j MZK50
|s P
|